| 000 | 01222 a2200265 4500 | ||
|---|---|---|---|
| 005 | 2008090208198.0 | ||
| 008 | 080902t xxu||||| |||| 00| 0 hin d | ||
| 010 | _aHIN-78859 | ||
| 020 |
_c300.00 _a8180545237 |
||
| 035 | _aHN-51205 | ||
| 037 | _bD. B. Act. / pub | ||
| 082 | _a310 | ||
| 100 | _aगुप्ता, एस. पी. | ||
| 245 |
_aसांख्यिकी के सिद्धांत _cएस. पी. गुप्ता |
||
| 246 |
_aSankhyiki ke Sidhant _bby S. P. Gupta |
||
| 250 | _a11 वां संस्क | ||
| 260 |
_aनई दिल्ली _bसुलतान चन्द एण्ड संस, _c2007 |
||
| 270 |
_a23, दरियागंज, _bनई दिल्ली _e110002 _k23243183,23247051,23266105 _l011-2326-6357 |
||
| 300 |
_aवि. पृ. _c24 सेमी (अजिल्द) |
||
| 650 | _aसांख्यिकी | ||
| 650 | _aStatistics | ||
| 700 | _aगुप्ता, उमा | ||
| 942 |
_adpl _cHN _k310 / गुप्ताए _2ddc _h310 _m गुप्ताए |
||
| 999 |
_c876 _d876 |
||